000 01462nam0a22003011 4500
001 rc\3484851
005 20260407121228.0
010 _9800
_d50 к.
021 _aRU
_b[70-45000]
035 _a(NLR Aleph) 007646332
090 _a6180673
_c6180673
100 _a20130115d1970 |||y0rusy50 ca
101 0 _arus
102 _aRU
105 _ay z 1||||
200 1 _aНовое в оториноларингологии
_eМатериалы конференции. 19-21 мая 1970 г.
_fМ-во здравоохранения РСФСР. Ленингр. науч.-исслед. ин-т по болезням уха, горла, носа и речи. Ленингр. науч. о-во врачей-оториноларингологов
_g[ред. коллегия: Б.С. Крылов (ред.) и др.]
210 _aЛенинград
_d1970
215 _a102 с.
_d21
606 _aОториноларингология
_jСъезды, совещания и т.п.
_9942096
_3RU\NLR\AUTH\6630093
686 1 _aР68я431(2)
702 1 _4340
_7ca
_8rus
_aКрылов
_bБ. С.
_cканд. мед. наук
_f1922-1990
_gБорис Сергеевич
_9180083
_3RU\NLR\AUTH\770180134
712 0 2 _4650
_aЛенинградский НИИ по болезням уха, носа и горла
_3RU\NLR\AUTH\889955012
_9406054
801 0 _aRU
_bNLR
_gpsbo
801 1 _aRU
_bELAR
_2rusmarc
852 _aNLR
_j70-5/2001
942 _cBOOK
980 _aNB